"Biraz adil biraz değil..." (Record no. 2127)

MARC details
000 -BAŞLIK
Sabit Uzunlukta Kontrol Alanı 00909na a2200289 4500
001 - KONTROL NUMARASI
Denetim Alanı 16916
003 - KONTROL NUMARASI IDENTIFIER
Denetim Alanı MIRAKIL
005 - SON İŞLEM TARİHİ VE ZAMANI
Denetim Alanı 20181213154846.0
008 - SABİT-BOY VERİ ELEMANLARI - GENEL BİLGİLER
Sabit Uzunlukta Kontrol Alanı 161017b tu 000 0
020 ## - ULUSLARARASI STANDART KİTAP NUMARASI
Uluslararası Standart Kitap Numarası 9786055832155
040 ## - KATALOGLAMA KAYNAK
Orijinal Kataloglama Ajansı Milas
Kataloglama Dili tur
Metne Dönüştürmek Ajansı TR-AnCHP
041 ## - DİL KODU
Metin / Ses Parça Veya Ayrı Başlığın Dil Kodu tur
082 ## - DEWEY ONLU SINIFLANDIRMA NUMARASI
Sınıflandırma Numarası 321.8
Ürün Numarası S25b 2009
090 ## - SINIFLAMA NUMARASI
Sınıflama Numarası 321.8 S25b 2009
100 ## - ANA GİRİŞ - KİŞİSEL İSİM
Kişisel Ad Sancar, Mithat
245 ## - BAŞLIK TABLOSU
Başlık "Biraz adil biraz değil..."
Başlığın Kalan Demokratikleşme sürecinde toplumun yargı algısı
Sorumluluk Tablosu, Vb Mithat Sancar, Suavi Aydın; yayına hazırlayanlar Duygu Güner, Koray Özdil
246 ## - UNVAN FORM VARYING
Başlık Doğru / Kısa Başlığı Demokratikleşme sürecinde toplumun yargı algısı
250 ## - EDITION TABLOSU
Baskı Beyanı 2. bs.
260 ## - YAYIN, DAĞITIM, VB
Yayın, Dağıtım, Vb Yeri İstanbul
Yayıncı, Dağıtıcı, Vs Adı Tesev yayınları
Yayın, Dağıtım, Vb Tarihi 2009
300 ## - FİZİKSEL TANIM
Kapsam 86 s.
Diğer Fiziksel Ayrıntıları tbl.
Boyutlar 23 sm.
650 ## - KONU KATMA GİRİŞ - TOPİKAL DÖNEM
Topikal Süreli Veya Coğrafi Ad Giriş Elemanı Demokrasi ve yargı
Coğrafi Alt Bölümü Türkiye
650 ## - KONU KATMA GİRİŞ - TOPİKAL DÖNEM
Topikal Süreli Veya Coğrafi Ad Giriş Elemanı Demokratikleşme
700 ## - KATMA GİRİŞ - KİŞİSEL İSİM
Kişisel Ad Özdil, Koray
700 ## - KATMA GİRİŞ - KİŞİSEL İSİM
Kişisel Ad Güner, Duygu
700 ## - KATMA GİRİŞ - KİŞİSEL İSİM
Kişisel Ad Aydın, Suavi
942 ## - EKLENDİ GİRİŞ ELEMANLARI (KOHA)
Sınıflandırma Veya Raf Düzeni Kaynak Dewey Decimal Classification
Koha Öğesi Türü Books
999 ## - SİSTEM KONTROL NUMARALARI (KOHA)
Koha Biblionumber 2127
Koha Biblioitemnumber 2127
Holdings
Kalıcı Konum Mevcut Konum Edinme Tarihi Edinim Kaynak Toplam Check-Out'Lar Tam Çağrı Numarası Barkod Tarih Son Görülme İtibaren Geçerli Fiyatlar Koha Öğesi Türü
CHP Kütüphanesi CHP Kütüphanesi 10/17/2016 Bağış   321.8 S25b 2009 005798 10/17/2016 10/17/2016 Books